MDQL
is popping MORE tags! Check the
thread
!
Quizzes
Events
Quiz Creation
Community
Videos
Private Events
Remove Ads
Sign In
Join for FREE
Feedback
Dark Mode
Quiz Categories
Sports
Geography
Music
Movies
Television
Just For Fun
Miscellaneous
History
Literature
Language
Science
Gaming
Entertainment
Religion
Holiday
For Kids
Quiz Lab
Recent
Popular Today
Quiz Kudos Today
Editor Picks
Curator Picks
Quizzes by...
Day
Popularity
Type
Ratings
Length
Year
Community
Subscriptions
Recent Discussions
Orange Saloon
Badges
Playlists
Quests
Create
Leaderboards
Showdown
Live 5
Trivia Bingo
Activity
Puzzle Library
Sporcle Events
Private Events
Virtual Trivia
Globe League
Become a Host
Pub Owners
SporcleCon
Opinionation
Our Games
Videos
Blog
Mobile Apps
Partnerships
Remove Ads and Go Orange
Feedback
Gaming
Video Games
Board Games
Card Games
Pokémon
Mario
Nintendo
Minecraft
Console
Toys
Legend of Zelda
Gaming
Video Games
Board Games
Card Games
Pokémon
Mario
Nintendo
Minecraft
Console
Toys
Legend of Zelda
Random Quiz
Search Sporcle
×
Quiz Lab
Quiz Lab
Gaming
Video Game Characters
Type in answers that appear in a list
Type in answers that appear in a list
Classic
Best Score? Go Orange.
Video Game Characters by Description Stats
Can you name the video game character by the descriptions given?
By
vgamer456
7m
35 Questions
207 Plays
207 Plays
207 Plays
Comments
Comments
Give Quiz Kudos
Give Quiz Kudos
-
- Ratings
hide this ad
More Info
Random Order
Randomize order of answers
Randomize order of answers
Replay
Link that replays current quiz
Next Quiz
Link to next quiz in quiz playlist
You Got
0%
They Got
Avg Score
37%
Avg Friend Score
Upgrade to see
Score Distribution
Jump to the score distribution portion of the page
Score
0/35
Timer
07:00
0
Plays Today
Description
Character
% Correct
Italian plumber, bushy mustache, loves mushrooms, wears red
Mario
87.9%
Blue, red sneakers with gold buckle, incredibly fast when running
Sonic
87.9%
Medium height, wears pink, princess
Princess Peach
83.1%
Round, yellow, eats ghosts
Pacman
78.7%
Round, pink, red shoes, big appetite
Kirby
71.5%
Short, elf-
like, often mistaken for a girl, sword wielder
Link
71.4%
Light brown fur, white streak in middle of forehead, expert pilot
Fox McCloud
69.1%
Small, yellow body, brown streaks on back, lightning bolt shaped tail
Pikachu
68.1%
Tall, female, blonde hair pulled into ponytail, wears red, yellow, and orange suit
Samus Aran
60.9%
Fox, orange fur, flies, sidekick
Tails
57%
Frog like, ninja, tongue scarf
Greninja
54.1%
Platinum blonde, galactic mother, star protector, light blue dress
Princess Rosalina
51.7%
Short, brown spiky hair, huge shoes, carries giant key
Sora
48.4%
Tall, muscular, dark hair, boxer
Little Mac
48.3%
Short, blue and yellow striped shirt, red cap
Ness
45.4%
First main character in collection of 4 games, blue hair, sword bearer
Marth
41.1%
Raccoon, moves like a ninja, thief
Sly Cooper
38.8%
Tall, kinda muscular, wears turquoise armor,horns on both sides of helmet, carries a garden tool
Shovel Knight
36.2%
Description
Character
% Correct
Medium height, dark brown hair pulled into ponytail, wears orange jumpsuit, white tank top,test subject
Chell
31.8%
Female,very long black hair, glasses, white gloves,black and gray clothing, gold piece in middle of chest
Bayonetta
30.8%
Short, peach skin, metal, holds balloons, male, REALLY annoying, wears red and blue, giggles a lot, propeller hat
Balloon Boy
29.1%
Unknown identity, ninja, helps main character sometimes
Sheik
28.5%
Short, wears white helmet with red ball on top, blue uniform, oblong black eyes, yellow belt
Bomberman
24.3%
All black body, can be different people, appears only in certain games
Mr. Game & Watch
23.7%
Tribal mask, colorful feathers, paint under eyes, leaf goatee
Aku Aku
23.6%
Blonde,wears red and black, sword wielder,18 years old
Shulk
19.3%
Short, blue body, sharp pointed head, animal-
plant hybrid
Blue Pikmin
18.4%
White dog with black spots, musical
KK Slider
18.4%
Long brown hair, tall, member of a family hunting clan, blue and white jacket, white dress shirt, carries a whip, blue eyes
Richter Belmont
16.9%
Tall, light pink hair,sister declared enemy, athletic build, tomboy
Lightning
14.9%
Green skin, rotund, laughs a lot, queen
Queen Bean
9.7%
White crest, dark skin,blue glasses, giant feet
Bozzeye the Mole
8.7%
Young nurse, blonde, green eyes, wears red and white
Lisa Garland
7.5%
Short, blonde hair pulled into braid, teal colored dress, gold cape, blue eyes, wears red earrings
Bianca
7.2%
Female, short brown hair pulled into ponytail,reddish pink vest, jean shorts, cowgirl boots, pale skin, carries a gun
Claire Redfield
6.1%
Quiz Playlist
Details
Report
Send in Message
Add To Playlist
More Info:
Will take suggestions for characters
Classic:
Type in answers that appear in a list
Random Order:
Randomize order of answers
Last Updated: Feb 16, 2017
Quiz Scoreboard
CHALLENGE
Sign Up to Join the Scoreboard
Show All
Scores
Hide
Comments
May contain spoilers
Recently Published
Street Fighter Characters
by Artimus82
Gaming
60s
9x9 Crossword: Cartoon Network
by jackfrog10
Miscellaneous
3m
College Basketball Coaching Resumes
by pancakes188
Sports
9m
More to Explore
Quiz From the Vault
Featured Blog Post
Where Did the Easter Bunny Come From?
hide this ad
You Might Also Like...
Tags
Video Game Characters
Today's Top Quizzes in Gaming
Browse Gaming
hide this ad
Today's Top Quizzes in Video Game Characters
Browse Video Game Characters
Top Contributed Quizzes in Gaming
1
5-to-1: Consoles
2
7-to-1: Board Game Piece Blitz
3
5-to-1: Legend of Zelda
4
League of Legends Pro Players by Career/Team History
5
Destiny 2 exotic weapons by perk icons
6
Ultimate Genshin Impact Logic Puzzle (up to 4.3)
7
Franchise by Action Figure
8
Who's on the WWE 2K24 Cover?
9
Genshin Impact Logic Puzzle Quiz
10
Order the Pokémon Regions
Explore More
Trending Topics
NBA
Anime
Crossword
Marvel
Disney
Kpop
Harry Potter
WWE
Pokémon
NFL
Song
Soccer
The Office
Puzzle
Country
hide this ad
More By:
vgamer456
Quiz
Plays
Rating
Category
Featured
Created
Ways to Be Wicked Lyrics
2,301
3.20
Music
Jun 26, 2017
Rotten to the Core Lyrics
2,093
3.63
Television
Mar 15, 2016
Figure Out the Disney Lyrics XXXVIII
1,479
2.55
Music
Oct 6, 2017
Figure Out the Disney Lyrics XXIX
1,111
1.38
Music
Nov 27, 2015
Figure Out the Disney Lyrics XXVI
994
2.88
Music
Apr 6, 2015
Go to Creator's Profile
Score Distribution
Quiz Creator Spotlight
vgamer456
Follow
Send a Message
Quizzes Created
-
Created Quiz Play Count
-
More By This Creator
Popular Quizzes Today
1
Find the US States - No Outlines Minefield
2
Find the Countries of Europe - No Outlines Minefield
3
The Countries of the World
4
Find the US States
5
Risky Map Clicking: Biggest States A-Z
6
US States
7
Popular People in 1961
8
Movies - When Are They Set?
More Gaming Quizzes
Video Game Lands
Curator's Pick
Trending Quizzes
Risky Map Clicking: Least Populous States A-Z
Countries of the World: 200 Million BC
Billboard Blitz: Aretha Franklin
1-10 Letter G Words
Famous Russians: Author or Composer?
Recently Updated
Leaping Animals
pecheneg
Reality TV Shows (A-Z)
bhenderson79
Rickey Henderson's Hall of Fame Teammates
pecheneg
Champions League XIs: Arsenal
pecheneg
Quick Pick: Celebrities in WWE's Hall of Fame
aduchscher
A-Z Keypad Blitz II
pecheneg
Multiple Oscar Actors
pecheneg
Mystery Phrase Blitz: Oscar 'Best Actors'
pecheneg
F. Scott Fitzgerald Novels
LTH
Pick 3 Villains
ddd62291
Trending Topics
NBA
Kpop
Disney
Harry Potter
Anime
Marvel
Crossword
Song
Country
The Office
NFL
Puzzle
Pokémon
Soccer
WWE
Your Account Isn't Verified!
In order to create a playlist on Sporcle, you need to verify the email address you used during registration. Go to your
Sporcle Settings
to finish the process.
Report this User
Report this user for behavior that violates our
Community Guidelines
.
Details:
Send Report
Go to the Sporcle.com Mobile Site →
Comments